[Event "NED-ch U13 Girls"]
[Site "Rijswijk"]
[Date "2011.06.04"]
[Round "7"]
[White "Hulleman, Anna Marie"]
[Black "Langeveld, Sterre"]
[Result "1-0"]
[WhiteElo "787"]
[BlackElo "723"]
[PlyCount "53"]
[EventDate "2011.06.02"]
[EventType "swiss"]
[EventRounds "9"]
[EventCountry "NED"]
[SourceTitle "EXT 2012"]
[Source "ChessBase"]
[SourceDate "2011.11.24"]
[SourceVersion "1"]
[SourceVersionDate "2011.11.24"]
[SourceQuality "1"]

1. e4 e5 2. Nf3 Nc6 3. Bc4 Bc5 4. c3 h6 5. d4 exd4 6. cxd4 Bb4+ 7. Nc3 Bxc3+ 8. bxc3 Nf6 9. e5 Ne4 10. Qb3 0-0 11. 0-0 d6 12. Bd5 Ng5 13. Ba3 Nxf3+ 14. Bxf3 Be6 15. d5 Nxe5 16. dxe6 Nxf3+ 17. gxf3 Qg5+ 18. Kh1 fxe6 19. Qxe6+ Kh8 20. Rg1 Qh5 21. Qe7 Qxf3+ 22. Rg2 Rg8 23. Bb2 Rac8 24. c4 a6 25. Bxg7+ Kh7 26. Bf6+ Rg7 27. Qxg7# 1-0

[Event "NED-ch U13 Girls"]
[Site "Rijswijk"]
[Date "2011.06.02"]
[Round "2"]
[White "Langeveld, Sterre"]
[Black "Waardenburg, Feline"]
[Result "0-1"]
[WhiteElo "723"]
[BlackElo "847"]
[PlyCount "86"]
[EventDate "2011.06.02"]
[EventType "swiss"]
[EventRounds "9"]
[EventCountry "NED"]
[SourceTitle "EXT 2012"]
[Source "ChessBase"]
[SourceDate "2011.11.24"]
[SourceVersion "1"]
[SourceVersionDate "2011.11.24"]
[SourceQuality "1"]

1. e4 e5 2. Nf3 Nc6 3. Bb5 Nf6 4. Bxc6 dxc6 5. Nxe5 Nxe4 6. Qe2 Qd5 7. d3 Qxe5 8. Qxe4 Qxe4+ 9. dxe4 Bc5 10. 0-0 0-0 11. Bf4 Bd4 12. c3 Bb6 13. Nd2 Bg4 14. h3 Be2 15. Rfe1 Bd3 16. c4 Ba5 17. Nb3 Bxe1 18. Rxe1 Bxc4 19. Bxc7 Rac8 20. Bd6 Rfd8 21. e5 Bxb3 22. axb3 f6 23. Be7 Re8 24. Bd6 fxe5 25. Bxe5 Re7 26. f4 Rce8 27. Ra1 a6 28. b4 g5 29. Bf6 Re1+ 30. Rxe1 Rxe1+ 31. Kf2 Rb1 32. Bxg5 Rxb2+ 33. Ke3 Rxb4 34. f5 Rb3+ 35. Kd4 Rb5 36. Ke4 a5 37. Kf4 a4 38. f6 a3 39. Kg4 a2 40. Kh5 a1Q 41. g4 Qe5 42. h4 Qe8+ 43. Kh6 Qg6# 0-1